00689nam a2200229 a 4500001001300000003000900013005001700022008004100039020001000080082001800090100002100108245005600129260003400185300000900219500003500228650000900263700002100272902000800293942000700301952013400308999001700442nice12345678IN_TiNIC20260116014746.0070828s2004 dela grp 000 0 eng  ac29500a362.1969bDCR aD`Cruz, Premilla aFamily Care in HIV/AIDSb Exploring Lied Experience aDelhibSage Publicationc2004 a218p aincludes index and biblioraphy aAids1 aD`Cruz, Premilla bSRS cBK 001040708StackRoom-aHMIbHMId2007-08-28g295.00l1m2o362.1969 DCRp021545r2018-03-22s2017-09-13v295.00w2007-08-28yBK c16809d16809